| 000 | 00421nam a22001577a 4500 | ||
|---|---|---|---|
| 005 | 20250408060929.0 | ||
| 008 | 250408b |||||||| |||| 00| 0 eng d | ||
| 020 | _a9789555002066 | ||
| 082 |
_222 _a080 _bARU |
||
| 100 | _aMohamathu, Rimsha Weligama | ||
| 245 | _aAruvadaikal | ||
| 260 |
_aMount Lavinia _bLondon & Sri Lankan Tamil Literary Assoxiation _c2015 |
||
| 300 | _a250 p ., | ||
| 650 | _aVimarsanagal | ||
| 942 | _cL | ||
| 999 |
_c6014 _d6014 |
||